[Event "ESP-ch U16 rapid"]
[Site "Salobrena"]
[Date "2023.07.30"]
[Round "8"]
[White "Oudeh Mishmesh, Omar"]
[Black "Salvador Buiza, Victor"]
[Result "0-1"]
[WhiteElo "2115"]
[BlackElo "1951"]
[PlyCount "74"]
[EventDate "2023.07.29"]
[EventType "swiss (rapid)"]
[EventRounds "9"]
[EventCountry "ESP"]
[SourceTitle "EXT 2024"]
[Source "ChessBase"]
[SourceDate "2023.10.10"]
[SourceVersion "1"]
[SourceVersionDate "2023.10.10"]
[SourceQuality "1"]

1. e4 c5 2. Nf3 Nc6 3. Bb5 e5 4. 0-0 Bd6 5. c3 Nf6 6. Re1 0-0 7. d4 cxd4 8. cxd4 Bb4 9. Nc3 exd4 10. Nxd4 Qb6 11. Bxc6 dxc6 12. e5 Bxc3 13. bxc3 Nd5 14. Qf3 Bd7 15. Ba3 Rfe8 16. Bd6 Be6 17. Rab1 Qa6 18. a3 Rac8 19. h4 Nb6 20. h5 h6 21. Qg3 Nc4 22. Rbd1 Rcd8 23. Re4 Nxd6 24. exd6 Bd7 25. Rde1 Rxe4 26. Rxe4 c5 27. Nf3 Be6 28. d7 Rxd7 29. Qb8+ Kh7 30. Ne5 Rd1+ 31. Kh2 Qf1 32. Kg3 Bd5 33. Nxf7 Bxf7 34. Qe5 Rd3+ 35. f3 Rd5 36. Qe7 Rg5+ 37. Kh2 Qxg2# 0-1

[Event "ESP-ch U16 rapid"]
[Site "Salobrena"]
[Date "2023.07.29"]
[Round "4"]
[White "Salvador Buiza, Victor"]
[Black "Cereijo Suarez, Nerea"]
[Result "1-0"]
[WhiteElo "1951"]
[BlackElo "1647"]
[PlyCount "71"]
[EventDate "2023.07.29"]
[EventType "swiss (rapid)"]
[EventRounds "9"]
[EventCountry "ESP"]
[SourceTitle "EXT 2024"]
[Source "ChessBase"]
[SourceDate "2023.10.10"]
[SourceVersion "1"]
[SourceVersionDate "2023.10.10"]
[SourceQuality "1"]

1. e4 e6 2. d4 d5 3. e5 c5 4. c3 Nc6 5. Nf3 Bd7 6. Bd3 Rc8 7. 0-0 cxd4 8. cxd4 Nb4 9. Nc3 Nxd3 10. Qxd3 Qb6 11. Bd2 Bb4 12. Rfc1 Ne7 13. a3 Bxc3 14. Bxc3 Bb5 15. Qd2 Nc6 16. Bb4 Bc4 17. Bc5 Qa6 18. Qg5 Rg8 19. Nd2 h6 20. Qe3 Bd3 21. Bd6 Bf5 22. Nb3 b6 23. a4 Kd7 24. Rc5 Nxd4 25. Rxc8 Ne2+ 26. Qxe2 Qxe2 27. Rxg8 Qxb2 28. Rc1 Bc2 29. Rxg7 Qxb3 30. Rxf7+ Kd8 31. Rc7 Qxa4 32. R7xc2 Ke8 33. Rc7 a5 34. Rh7 Kd8 35. Rh8+ Kd7 36. Rc7# 1-0